LIBRARY & INFORMATION CENTRE, KCAET, TAVANUR

ONLINE PUBLIC ACCESS CATALOGUE (OPAC)

Computer Oriented Numerical Methods (Record no. 18985)

MARC details
000 -LEADER
fixed length control field 00291nam a22001217a 4500
003 - CONTROL NUMBER IDENTIFIER
control field OSt
008 - FIXED-LENGTH DATA ELEMENTS--GENERAL INFORMATION
fixed length control field 250108b |||||||| |||| 00| 0 eng d
041 ## - LANGUAGE CODE
Language code of text/sound track or separate title eng
100 ## - MAIN ENTRY--AUTHOR NAME
Personal name Rajaram, V
245 ## - TITLE STATEMENT
Title Computer Oriented Numerical Methods
260 ## - PUBLICATION, DISTRIBUTION, ETC. (IMPRINT)
Name of publisher Prentice Hall of India Ltd
942 ## - ADDED ENTRY ELEMENTS (KOHA)
Koha item type Books
Holdings
Withdrawn status Lost status Damaged status Home library Current library Date acquired Cost, normal purchase price Accession Number Koha item type Public note
Withdrawn     KAUAET KAUAET 08/01/2025 19.00 14379 Books Withdrawn as per order no D3-2081/95 dated 09/01/97
free website counter